000 00291nam a22001337a 4500
008 170407b xxu||||| |||| 00| 0 eng d
020 _a9780815194811
041 _aeng
080 _23RD
_a616
100 _a9
101 _aSHM
245 _aPATHOPHYSIOLOGY
_cMCCANCE, K.L
942 _2udc
_cBK
999 _c10153
_d10153